Digital circuits and design (Record no. 240692)

MARC details
000 -LEADER
fixed length control field 01546nam a22002297a 4500
005 - DATE AND TIME OF LATEST TRANSACTION
control field 20251202101420.0
008 - FIXED-LENGTH DATA ELEMENTS--GENERAL INFORMATION
fixed length control field 251202b |||||||| |||| 00| 0 eng d
020 ## - INTERNATIONAL STANDARD BOOK NUMBER
International Standard Book Number 9789332543539
040 ## - CATALOGING SOURCE
Transcribing agency AL
041 ## - LANGUAGE CODE
Language code of text/sound track or separate title eng
082 ## - DEWEY DECIMAL CLASSIFICATION NUMBER
Classification number 321.3815
Item number KOTD
100 ## - MAIN ENTRY--PERSONAL NAME
Personal name Kothari D P
100 ## - MAIN ENTRY--PERSONAL NAME
9 (RLIN) 247233
245 ## - TITLE STATEMENT
Title Digital circuits and design
260 ## - PUBLICATION, DISTRIBUTION, ETC.
Name of publisher, distributor, etc. Pearson
Date of publication, distribution, etc. 2016
300 ## - PHYSICAL DESCRIPTION
Extent xxv,1031p
Other physical details PB
Dimensions 23x17cm
365 ## - TRADE PRICE
Source of price type code Electronic Communication Engineering
Price type code ABDI/0821/25
Price amount 600.00
Currency code
Unit of pricing 800.00
Price note 25%
Price effective from 12-09-2025
520 ## - SUMMARY, ETC.
Summary, etc. This student friendly, practical and example-driven book gives students a solid foundation in the basics of digital circuits and design. The fundamental concepts of digital electronics such as analog/digital signals and waveforms, digital information and digital integrated circuits are discussed in detail using relevant pedagogy<br/><br/>Features<br/><br/>1. Extensive coverage on:<br/><br/>Counters such as Hybrid, Decade and Presetable<br/>Edge Triggered Flip Flops<br/>Hardware Description Languages<br/>Design of Arithmetic Logic Unit<br/>2. Exclusive chapter on Logic Description Using VHDL<br/><br/>3. Includes topics such as synchronous/asynchronous mode circuits, pulse mode, sequential circuits, VHDL 7 segment decoder, VHDL code converters, etc<br/><br/>4. Additional solve the examples and reading material available online<br/><br/>5. Excellent pedagogy<br/><br/>300+ Solved Questions<br/>600+ Unsolved Questions<br/>250+ MCQs<br/>35+ VHDL Programs
650 ## - SUBJECT ADDED ENTRY--TOPICAL TERM
Topical term or geographic name entry element Number System
9 (RLIN) 247234
650 ## - SUBJECT ADDED ENTRY--TOPICAL TERM
Topical term or geographic name entry element Digital Logic
9 (RLIN) 247235
700 ## - ADDED ENTRY--PERSONAL NAME
Personal name Dhillon, J S
9 (RLIN) 247236
942 ## - ADDED ENTRY ELEMENTS (KOHA)
Source of classification or shelving scheme Dewey Decimal Classification
Koha item type Book
Holdings
Withdrawn status Lost status Source of classification or shelving scheme Damaged status Not for loan Collection code Home library Current library Date acquired Source of acquisition Cost, normal purchase price Total Checkouts Full call number Barcode Date last seen Cost, replacement price Price effective from Koha item type
    Dewey Decimal Classification     Electronics and Communication Engineering St Aloysius Engineering Library St Aloysius Engineering Library 09/12/2025 Academic Book Distributors, Bengaluru-562159 600.00   321.3815 KOTD SE000150 12/02/2025 800.00 11/13/2025 Book
    Dewey Decimal Classification     Electronics and Communication Engineering St Aloysius Engineering Library St Aloysius Engineering Library 09/12/2025 Academic Book Distributors, Bengaluru-562159 600.00   321.3815 KOTD SE000151 12/02/2025 800.00 11/13/2025 Book